000 00340nam a22001457a 4500
003 OSt
005 20160229123021.0
008 160229b xxu||||| |||| 00| 0 eng d
020 _a0515140872
040 _cN/A
100 _aLaurell K. Hamilton
245 _aMicah
260 _aUSA
_bThe berkley publishing group
_c2006
942 _2lcc
_cBK
999 _c252677
_d252676